[Event "1516VL"]
[Site "Mecklenburg-Vorpommern"]
[Date "2015.10.11"]
[Round "2.7"]
[White "Boecking, Uwe"]
[Black "Krueger, Gerhard"]
[Result "1/2-1/2"]
[WhiteElo "1738"]
[BlackElo "1815"]
[PlyCount "42"]
[EventDate "2015.10.11"]
[EventType "team-tourn"]
[EventRounds "9"]
[EventCountry "GER"]
[SourceDate "2015.09.20"]
[WhiteTeam "SFO Warnemuende"]
[BlackTeam "SF Schwerin IV"]
[WhiteTeamCountry "GER"]
[BlackTeamCountry "GER"]

1. e4 c5 2. Nf3 Nc6 3. d4 cxd4 4. Nxd4 e5 5. Nb5 a6 6. Nd6+ Bxd6 7. Qxd6 Qf6 8.
Qd3 Qg6 9. a3 Nf6 10. Nc3 O-O 11. Be3 d5 12. Nxd5 Nxd5 13. Qxd5 Be6 14. Qd2
Qxe4 15. Bd3 Qd5 16. f3 Rfd8 17. O-O Nd4 18. Qf2 Bf5 19. Rfd1 Qe6 20. Bxd4 Rxd4
21. Bxf5 Rxd1+ 1/2-1/2

[Event "1516VL"]
[Site "Mecklenburg-Vorpommern"]
[Date "2015.10.11"]
[Round "2.8"]
[White "Pamperin, Gerhard"]
[Black "Vladov, Mark"]
[Result "1-0"]
[WhiteElo "1765"]
[BlackElo "1686"]
[PlyCount "103"]
[EventDate "2015.10.11"]
[EventType "team-tourn"]
[EventRounds "9"]
[EventCountry "GER"]
[SourceDate "2015.09.20"]
[WhiteTeam "SF Schwerin IV"]
[BlackTeam "SFO Warnemuende"]
[WhiteTeamCountry "GER"]
[BlackTeamCountry "GER"]

1. d4 Nf6 2. c4 g6 3. Nc3 Bg7 4. Nf3 O-O 5. e4 d6 6. Bd3 Nbd7 7. O-O e5 8. dxe5
dxe5 9. Bg5 c6 10. h3 Qc7 11. Qe2 h6 12. Be3 Nh5 13. g3 b6 14. Kg2 Rd8 15. Rfd1
Nf8 16. Qc2 Qd7 17. Ng1 Qe6 18. Be2 Rxd1 19. Rxd1 Nf6 20. b4 Bb7 21. c5 b5 22.
a4 a6 23. Rd6 Qe7 24. Qd2 Kh7 25. Bd1 Ne8 26. Rd3 f5 27. Bb3 Nf6 28. f3 bxa4
29. Bxa4 Ne6 30. Nge2 Rd8 31. Rxd8 Qxd8 32. exf5 gxf5 33. Bc2 e4 34. fxe4 Qxd2
35. Bxd2 fxe4 36. Nxe4 Nxe4 37. Bxe4+ Kg8 38. Bd3 Kf8 39. h4 Ke7 40. Kf3 Nc7
41. Nf4 Bf8 42. Ng6+ Kf7 43. Nxf8 Kxf8 44. Bxh6+ Kf7 45. Bd2 Nd5 46. g4 Ke6 47.
h5 Ke5 48. g5 Kd4 49. Be2 Bc8 50. g6 Nf6 51. Kf4 Be6 52. h6 1-0

[Event "1516VL"]
[Site "Mecklenburg-Vorpommern"]
[Date "2015.10.11"]
[Round "2.1"]
[White "Littke, Helmut"]
[Black "Waschk, Armin"]
[Result "1/2-1/2"]
[WhiteElo "1954"]
[BlackElo "2099"]
[PlyCount "38"]
[EventDate "2015.10.11"]
[EventType "team-tourn"]
[EventRounds "9"]
[EventCountry "GER"]
[SourceDate "2015.09.20"]
[WhiteTeam "ASV GW Wismar "]
[BlackTeam "SG Guestrow/Teterow"]
[WhiteTeamCountry "GER"]
[BlackTeamCountry "GER"]

1. Nf3 c5 2. c4 Nc6 3. Nc3 g6 4. g3 Bg7 5. Bg2 e6 6. e3 Nge7 7. d4 cxd4 8. exd4
d5 9. cxd5 Nxd5 10. O-O O-O 11. Nxd5 exd5 12. Be3 Bg4 13. Qd2 Rc8 14. Rac1 b6
15. h3 Be6 16. Bh6 Qd7 17. Bxg7 Kxg7 18. Kh2 Rc7 19. Rc3 Rfc8 1/2-1/2

[Event "1516VL"]
[Site "Mecklenburg-Vorpommern"]
[Date "2015.10.11"]
[Round "2.2"]
[White "Dettmann, Gerd"]
[Black "Kliewe, Hans Juergen"]
[Result "1/2-1/2"]
[WhiteElo "2081"]
[BlackElo "1964"]
[PlyCount "151"]
[EventDate "2015.10.11"]
[EventType "team-tourn"]
[EventRounds "9"]
[EventCountry "GER"]
[SourceDate "2015.09.20"]
[WhiteTeam "SG Guestrow/Teterow"]
[BlackTeam "ASV GW Wismar "]
[WhiteTeamCountry "GER"]
[BlackTeamCountry "GER"]

1. e4 e6 2. d4 d5 3. Nc3 Bb4 4. Nge2 dxe4 5. a3 Bxc3+ 6. Nxc3 Nc6 7. Bb5 Bd7 8.
Nxe4 a6 9. Be2 h6 10. O-O Nf6 11. Nc5 Bc8 12. c3 O-O 13. Bf3 Qd6 14. Nd3 Ne7
15. Bf4 Qb6 16. Qc2 Bd7 17. Ne5 Bc6 18. Nxc6 Nxc6 19. b4 Ne7 20. Rad1 c6 21. c4
Rfe8 22. g4 Ng6 23. Bd6 Qd8 24. Bg3 Qc8 25. Rfe1 Qd7 26. h4 Nh7 27. Be4 Ngf8
28. Qe2 f5 29. Bc2 Qf7 30. Qf3 g6 31. Bf4 g5 32. hxg5 hxg5 33. Be5 f4 34. Kg2
Ng6 35. Bxg6 Qxg6 36. Rh1 Nf6 37. Rh3 Kg7 38. Rdh1 Rh8 39. d5 Rxh3 40. Rxh3
exd5 41. cxd5 Re8 42. Bxf6+ Qxf6 43. Qd3 Kf8 44. d6 Rd8 45. d7 Qe5 46. Rh5 Ke7
47. Rh7+ Ke6 48. Rh6+ Ke7 49. Qh7+ Kf8 50. Rg6 Qd5+ 51. Kh2 Rxd7 52. Qh8+ Ke7
53. Qf6+ Ke8 54. Qh8+ Ke7 55. Qf6+ Ke8 56. Rh6 Qg8 57. Rg6 Rh7+ 58. Kg1 Qd5 59.
Qe6+ Qxe6 60. Rxe6+ Kf7 61. Rd6 Rg7 62. Kg2 Ke7 63. Rh6 Kd7 64. Kf3 Re7 65. Rg6
Re5 66. Rg7+ Kc8 67. Rf7 b6 68. Rg7 a5 69. bxa5 bxa5 70. Rf7 c5 71. Ra7 c4 72.
Rh7 c3 73. Rh1 c2 74. Rc1 Rc5 75. Ke4 Kd7 76. Kd3 1/2-1/2

[Event "1516VL"]
[Site "Mecklenburg-Vorpommern"]
[Date "2015.10.11"]
[Round "2.3"]
[White "Stutz, Reno"]
[Black "Luther, Alexander"]
[Result "1/2-1/2"]
[WhiteElo "1933"]
[BlackElo "1961"]
[PlyCount "80"]
[EventDate "2015.10.11"]
[EventType "team-tourn"]
[EventRounds "9"]
[EventCountry "GER"]
[SourceDate "2015.09.20"]
[WhiteTeam "ASV GW Wismar "]
[BlackTeam "SG Guestrow/Teterow"]
[WhiteTeamCountry "GER"]
[BlackTeamCountry "GER"]

1. d4 Nf6 2. Nf3 e6 3. e3 d5 4. Bd3 c5 5. b3 Nc6 6. O-O cxd4 7. exd4 Bd6 8. Bb2
O-O 9. Nbd2 Qc7 10. c4 b6 11. Rc1 Bb7 12. cxd5 exd5 13. Ne5 Nd7 14. Ndf3 f6 15.
Nxc6 Bxc6 16. Qc2 Nb8 17. Bxh7+ Kh8 18. Qf5 g5 19. Bg6 Qd7 20. Rfe1 Qxf5 21.
Bxf5 Bb4 22. Re2 Bb5 23. Rec2 Bd6 24. Rc8 Na6 25. Rxa8 Rxa8 26. a4 Be8 27. h4
Bf4 28. Re1 Bh5 29. g4 Bf7 30. Re7 Kg8 31. h5 Nc7 32. Bc1 Bd6 33. Rd7 Ne8 34.
Bd2 Bf8 35. Kg2 Nd6 36. Bd3 Be6 37. Rc7 Ne8 38. Rb7 Nd6 39. Rc7 Ne8 40. Rb7 Nd6
1/2-1/2

[Event "1516VL"]
[Site "Mecklenburg-Vorpommern"]
[Date "2015.10.11"]
[Round "2.4"]
[White "Fidorra, Thomas"]
[Black "Schulz, Bernd"]
[Result "1-0"]
[WhiteElo "1940"]
[BlackElo "1882"]
[PlyCount "29"]
[EventDate "2015.10.11"]
[EventType "team-tourn"]
[EventRounds "9"]
[EventCountry "GER"]
[SourceDate "2015.09.20"]
[WhiteTeam "SG Guestrow/Teterow"]
[BlackTeam "ASV GW Wismar "]
[WhiteTeamCountry "GER"]
[BlackTeamCountry "GER"]

1. e4 e5 2. Nf3 Nc6 3. d4 exd4 4. Nxd4 Bc5 5. Be3 Qf6 6. Nb5 Bxe3 7. fxe3 Qd8
8. Qg4 g6 9. Qf4 d6 10. Bc4 Ne5 11. O-O Qe7 12. N1c3 c6 13. Bxf7+ Nxf7 14.
Qxf7+ Qxf7 15. Nxd6+ 1-0

[Event "1516VL"]
[Site "Mecklenburg-Vorpommern"]
[Date "2015.10.11"]
[Round "2.5"]
[White "Podolskiy, Alexander"]
[Black "Dettmann, Holger"]
[Result "1/2-1/2"]
[WhiteElo "1871"]
[BlackElo "1919"]
[PlyCount "71"]
[EventDate "2015.10.11"]
[EventType "team-tourn"]
[EventRounds "9"]
[EventCountry "GER"]
[SourceDate "2015.09.20"]
[WhiteTeam "ASV GW Wismar "]
[BlackTeam "SG Guestrow/Teterow"]
[WhiteTeamCountry "GER"]
[BlackTeamCountry "GER"]

1. e4 d5 2. exd5 Qxd5 3. Nc3 Qa5 4. d4 Nf6 5. Bd3 c6 6. Nge2 g6 7. O-O Bg7 8.
Ne4 Nxe4 9. Bxe4 O-O 10. a4 Nd7 11. Ra3 Nf6 12. Bf3 Be6 13. Nf4 Bf5 14. c4 Rad8
15. Re3 Qc7 16. Re2 Kh8 17. b3 g5 18. Re5 Qxe5 19. dxe5 Rxd1 20. Rxd1 Ng4 21.
Nh5 Nxe5 22. Nxg7 Nxf3+ 23. gxf3 Kxg7 24. Bxg5 f6 25. Be3 Kf7 26. Bxa7 Bh3 27.
Kh1 Rg8 28. Rg1 Rd8 29. Bc5 Rd3 30. b4 Rc3 31. Re1 e5 32. Rg1 Rxc4 33. Rg3 Rc1+
34. Rg1 Rc4 35. Rg3 Rc1+ 36. Rg1 1/2-1/2

[Event "1516VL"]
[Site "Mecklenburg-Vorpommern"]
[Date "2015.10.11"]
[Round "2.6"]
[White "Kiel, Bernd"]
[Black "Borchert, Ulf"]
[Result "1/2-1/2"]
[WhiteElo "1914"]
[BlackElo "1822"]
[PlyCount "69"]
[EventDate "2015.10.11"]
[EventType "team-tourn"]
[EventRounds "9"]
[EventCountry "GER"]
[SourceDate "2015.09.20"]
[WhiteTeam "SG Guestrow/Teterow"]
[BlackTeam "ASV GW Wismar "]
[WhiteTeamCountry "GER"]
[BlackTeamCountry "GER"]

1. e4 c6 2. c4 e6 3. e5 d5 4. exd6 Bxd6 5. d4 Qc7 6. Nf3 Nf6 7. Nc3 b6 8. Bd3
Bb7 9. O-O Bf4 10. Re1 O-O 11. Bc2 Nbd7 12. Qd3 Rfd8 13. Ne4 Bxc1 14. Raxc1 c5
15. Neg5 h6 16. Nh3 Nf8 17. Qc3 Bxf3 18. Qxf3 cxd4 19. Nf4 Rac8 20. Bd3 Qd6 21.
Re2 e5 22. Nh5 Nxh5 23. Qxh5 f6 24. Rce1 Ne6 25. g3 Nc5 26. Bf5 Rc7 27. b4 Ne6
28. Qg4 Nf8 29. f4 d3 30. fxe5 Qd4+ 31. Qxd4 Rxd4 32. Rd2 fxe5 33. Rxe5 Rcxc4
34. Re8 Kf7 35. Ra8 1/2-1/2

[Event "1516VL"]
[Site "Mecklenburg-Vorpommern"]
[Date "2015.10.11"]
[Round "2.7"]
[White "Bahr, Enrico"]
[Black "Ramp, Oliver"]
[Result "1/2-1/2"]
[WhiteElo "1821"]
[BlackElo "1791"]
[PlyCount "69"]
[EventDate "2015.10.11"]
[EventType "team-tourn"]
[EventRounds "9"]
[EventCountry "GER"]
[SourceDate "2015.09.20"]
[WhiteTeam "ASV GW Wismar "]
[BlackTeam "SG Guestrow/Teterow"]
[WhiteTeamCountry "GER"]
[BlackTeamCountry "GER"]

1. d4 c5 2. e3 d5 3. c3 e6 4. Bd3 Nf6 5. Nd2 c4 6. Bc2 b5 7. a4 b4 8. e4 Qa5 9.
Qf3 Ba6 10. Ne2 Nc6 11. O-O Be7 12. Re1 g6 13. Nf4 b3 14. exd5 exd5 15. Nxg6
hxg6 16. Qxf6 Kd7 17. Bf5+ gxf5 18. Qxf5+ Kc7 19. Nf3 Bd6 20. Qxf7+ Kb6 21. Ne5
Nxd4 22. Be3 Bxe5 23. Qe6+ Kb7 24. Bxd4 Bxd4 25. Qd7+ Qc7 26. Qxd5+ Kb8 27.
Qxd4 Qxh2+ 28. Kf1 Qh1+ 29. Ke2 Re8+ 30. Kd2 Qh6+ 31. f4 Kc7 32. Rxe8 Rxe8 33.
Qxa7+ Kd8 34. Qd4+ Kc7 35. Qa7+ 1/2-1/2

[Event "1516VL"]
[Site "Mecklenburg-Vorpommern"]
[Date "2015.10.11"]
[Round "2.8"]
[White "Dettmann, Uwe"]
[Black "Pentzien, Volker"]
[Result "1/2-1/2"]
[WhiteElo "1820"]
[BlackElo "1810"]
[PlyCount "23"]
[EventDate "2015.10.11"]
[EventType "team-tourn"]
[EventRounds "9"]
[EventCountry "GER"]
[SourceDate "2015.09.20"]
[WhiteTeam "SG Guestrow/Teterow"]
[BlackTeam "ASV GW Wismar "]
[WhiteTeamCountry "GER"]
[BlackTeamCountry "GER"]

1. d4 Nf6 2. Nf3 g6 3. g3 Bg7 4. Bg2 O-O 5. O-O d5 6. Nbd2 Nbd7 7. c3 c5 8. Re1
cxd4 9. Nxd4 e5 10. N4b3 b6 11. e4 Bb7 12. exd5 1/2-1/2

[Event "1516VL"]
[Site "Mecklenburg-Vorpommern"]
[Date "2015.11.15"]
[Round "3.1"]
[White "Skibbe, Willi"]
[Black "Mehl, Ronald"]
[Result "1-0"]
[WhiteElo "2207"]
[BlackElo "2090"]
[PlyCount "101"]
[EventDate "2015.10.11"]
[EventType "team-tourn"]
[EventRounds "9"]
[EventCountry "GER"]
[SourceDate "2015.09.20"]
[WhiteTeam "SSC Rostock 07 II"]
[BlackTeam "FHSG Stralsund"]
[WhiteTeamCountry "GER"]
[BlackTeamCountry "GER"]

1. d4 Nf6 2. c4 e6 3. Nc3 Bb4 4. a3 Bxc3+ 5. bxc3 Ne4 6. e3 f5 7. Ne2 O-O 8. f3
Nf6 9. Ng3 d6 10. Bd3 Nc6 11. O-O Qe8 12. e4 Nh5 13. exf5 Nxg3 14. hxg3 exf5
15. Qc2 Qf7 16. Bf4 b6 17. c5 dxc5 18. dxc5 Be6 19. cxb6 axb6 20. c4 Ra5 21.
Rfe1 Nd4 22. Qb2 Qf6 23. Kf1 Rc5 24. Rad1 Rd8 25. Qc3 b5 26. Qb4 Rxc4 27. Bxc4
Bxc4+ 28. Kf2 Nc2 29. Rxd8+ Qxd8 30. Qe7 Qxe7 31. Rxe7 Nxa3 32. Rxc7 h6 33. Be5
Bf7 34. Bd6 Nc4 35. Bb4 Nb6 36. Rb7 Nd5 37. Rxb5 Nxb4 38. Rxb4 g6 39. Ke3 Kg7
40. Rb6 Bc4 41. Kf4 Bf1 42. Rb7+ Kf6 43. Rb6+ Kg7 44. Ke5 Bxg2 45. Rb7+ Kg8 46.
Rb8+ Kg7 47. Rb7+ Kg8 48. Kf6 Bxf3 49. Rg7+ Kh8 50. Kxg6 Be4 51. Re7 1-0

[Event "1516VL"]
[Site "Mecklenburg-Vorpommern"]
[Date "2015.11.15"]
[Round "3.2"]
[White "Hubert, Peter"]
[Black "Pererva, Viktor"]
[Result "0-1"]
[WhiteElo "1986"]
[BlackElo "2007"]
[PlyCount "144"]
[EventDate "2015.10.11"]
[EventType "team-tourn"]
[EventRounds "9"]
[EventCountry "GER"]
[SourceDate "2015.09.20"]
[WhiteTeam "FHSG Stralsund"]
[BlackTeam "SSC Rostock 07 II"]
[WhiteTeamCountry "GER"]
[BlackTeamCountry "GER"]

1. Nf3 d5 2. d4 Nf6 3. e3 Bg4 4. c4 c6 5. Qb3 Qb6 6. c5 Qc7 7. Ne5 Bf5 8. Bd3
Bxd3 9. Qxd3 Nbd7 10. f4 e6 11. Nc3 Be7 12. O-O O-O 13. b4 Nxe5 14. fxe5 Nd7
15. e4 a5 16. exd5 exd5 17. b5 b6 18. Bf4 Qb7 19. cxb6 Nxb6 20. bxc6 Qxc6 21.
Ne2 Rac8 22. Rac1 Qg6 23. Qb5 Bb4 24. Rxc8 Rxc8 25. a3 Bxa3 26. Qxa5 Qe4 27.
Qxb6 Qxe2 28. Qb3 Bb2 29. Qxd5 Qd3 30. Qf3 Bxd4+ 31. Kh1 Qxf3 32. gxf3 Kf8 33.
Rd1 Rc4 34. Kg2 Ke7 35. Bg3 Ke6 36. f4 Kf5 37. Re1 Rc2+ 38. Kf3 Rc3+ 39. Kg2
Be3 40. Rf1 Rc4 41. Rb1 Bxf4 42. Rb7 Ke6 43. Kf3 g5 44. Kg4 Bxg3+ 45. Kxg3 Re4
46. Rb6+ Kxe5 47. Rh6 Rh4 48. Ra6 h5 49. Rh6 Kf5 50. h3 f6 51. Kg2 Ke6 52. Rh7
f5 53. Rh6+ Kf7 54. Kg3 Kg7 55. Rb6 Re4 56. Kg2 h4 57. Kf3 Kf7 58. Rh6 Re6 59.
Rh7+ Kg6 60. Rh8 Ra6 61. Rg8+ Kh5 62. Rh8+ Kg6 63. Rg8+ Kh6 64. Rf8 Ra3+ 65.
Kg2 Rg3+ 66. Kh2 Kg6 67. Ra8 Kf6 68. Re8 Rd3 69. Rf8+ Ke5 70. Re8+ Kf4 71. Re2
g4 72. Rf2+ Rf3 0-1

[Event "1516VL"]
[Site "Mecklenburg-Vorpommern"]
[Date "2015.11.15"]
[Round "3.3"]
[White "Mangold, Thomas"]
[Black "Glawe, Hartmut"]
[Result "1-0"]
[WhiteElo "1937"]
[BlackElo "1908"]
[PlyCount "167"]
[EventDate "2015.10.11"]
[EventType "team-tourn"]
[EventRounds "9"]
[EventCountry "GER"]
[SourceDate "2015.09.20"]
[WhiteTeam "SSC Rostock 07 II"]
[BlackTeam "FHSG Stralsund"]
[WhiteTeamCountry "GER"]
[BlackTeamCountry "GER"]

1. d4 Nf6 2. c4 e6 3. Nc3 d5 4. cxd5 exd5 5. Bg5 Bb4 6. Qc2 c5 7. a3 Bxc3+ 8.
bxc3 cxd4 9. cxd4 Nc6 10. Bxf6 Qxf6 11. e3 O-O 12. Bd3 Re8 13. Ne2 g6 14. O-O
Bd7 15. Qb3 Qd6 16. Rfc1 Na5 17. Qc3 Nc6 18. Qc5 Qxc5 19. Rxc5 Ne7 20. Nf4 Bc6
21. Rac1 a6 22. Be2 Rad8 23. Bf3 Rd6 24. Nd3 b6 25. R5c3 Bb5 26. Nb2 Rc6 27.
Rxc6 Bxc6 28. Nd3 Bb5 29. Nb2 Bc6 30. Be2 Kf8 31. Rc3 b5 32. Nd3 a5 33. Ne5 b4
34. axb4 axb4 35. Rb3 Ra8 36. Rxb4 Ra1+ 37. Bf1 Ba4 38. g3 Bd1 39. Kg2 f6 40.
Rb8+ Kg7 41. Rb7 Kf8 42. Nd7+ Kf7 43. Rb6 f5 44. Ne5+ Kg7 45. Rb7 Kf6 46. Bd3
Ra2 47. h4 Bc2 48. Rb6+ Kg7 49. Rd6 Bxd3 50. Nxd3 Ra4 51. Nf4 Ra5 52. h5 Kf7
53. Nd3 Ra4 54. Ne5+ Kg7 55. Rd7 Kf6 56. Rd6+ Kg7 57. Re6 Ra7 58. hxg6 hxg6 59.
Nc6 Nxc6 60. Rxc6 Rd7 61. g4 fxg4 62. Kg3 Rf7 63. Rd6 Rf5 64. Kxg4 Kh6 65. f4
Kg7 66. Re6 Rf7 67. Rd6 Rf5 68. Re6 Rf7 69. Re5 Rd7 70. f5 gxf5+ 71. Rxf5 Rd6
72. Kf4 Rd8 73. Ke5 Re8+ 74. Kxd5 Rxe3 75. Kd6 Ra3 76. d5 Rc3 77. Kd7 Kg6 78.
Rf4 Kg5 79. Rf2 Kg6 80. d6 Kg7 81. Rf4 Kg6 82. Ke6 Re3+ 83. Kd5 Rc3 84. d7 1-0

[Event "1516VL"]
[Site "Mecklenburg-Vorpommern"]
[Date "2015.11.15"]
[Round "3.4"]
[White "Kohn, Andreas"]
[Black "Brack, Peter"]
[Result "1/2-1/2"]
[WhiteElo "1947"]
[BlackElo "1941"]
[PlyCount "61"]
[EventDate "2015.10.11"]
[EventType "team-tourn"]
[EventRounds "9"]
[EventCountry "GER"]
[SourceDate "2015.09.20"]
[WhiteTeam "FHSG Stralsund"]
[BlackTeam "SSC Rostock 07 II"]
[WhiteTeamCountry "GER"]
[BlackTeamCountry "GER"]

1. e4 e6 2. d4 d5 3. e5 b6 4. c3 Qd7 5. Nf3 Ne7 6. Bd3 Ba6 7. O-O Bxd3 8. Qxd3
Nbc6 9. Be3 Nf5 10. Nbd2 h5 11. b4 Be7 12. a4 a5 13. b5 Na7 14. c4 dxc4 15.
Qxc4 O-O 16. Rac1 Rac8 17. Rfd1 c6 18. bxc6 Rxc6 19. Qa6 Qc8 20. Qf1 Ba3 21.
Rxc6 Qxc6 22. Qa6 Nc8 23. Nc4 Bb4 24. Nb2 Nxe3 25. fxe3 Qc2 26. Qd3 Qxb2 27.
Ng5 g6 28. Nxe6 Re8 29. Nf4 Qc3 30. Qxc3 Bxc3 31. Nd5 1/2-1/2

[Event "1516VL"]
[Site "Mecklenburg-Vorpommern"]
[Date "2015.11.15"]
[Round "3.5"]
[White "Celmer, Ole"]
[Black "Kohn, Thomas"]
[Result "1/2-1/2"]
[WhiteElo "1893"]
[BlackElo "1854"]
[PlyCount "92"]
[EventDate "2015.10.11"]
[EventType "team-tourn"]
[EventRounds "9"]
[EventCountry "GER"]
[SourceDate "2015.09.20"]
[WhiteTeam "SSC Rostock 07 II"]
[BlackTeam "FHSG Stralsund"]
[WhiteTeamCountry "GER"]
[BlackTeamCountry "GER"]

1. e4 c5 2. c3 d5 3. exd5 Qxd5 4. d4 Nc6 5. Nf3 Bg4 6. dxc5 Qxd1+ 7. Kxd1
O-O-O+ 8. Nbd2 e5 9. b4 e4 10. h3 Bxf3+ 11. gxf3 exf3 12. Kc2 Ne5 13. Rg1 g6
14. Rg3 Bh6 15. Nxf3 Nxf3 16. Rxf3 Bxc1 17. Rxc1 f5 18. Re3 Nf6 19. Bg2 Rhe8
20. Rce1 Rxe3 21. Rxe3 Re8 22. Rxe8+ Nxe8 23. c6 b6 24. b5 Nf6 25. Kd3 Kc7 26.
Kd4 Kd6 27. c4 Nh5 28. Ke3 Nf6 29. Kf4 h6 30. Bf3 Ne8 31. h4 Ng7 32. Bd5 Nh5+
33. Ke3 Nf6 34. f3 g5 35. hxg5 hxg5 36. Bf7 f4+ 37. Kd3 g4 38. fxg4 Nxg4 39.
Bd5 f3 40. Bxf3 Ne5+ 41. Ke4 Nxc4 42. Be2 Na5 43. Kd4 a6 44. bxa6 Nxc6+ 45. Kc4
Kc7 46. a4 Kb8 1/2-1/2

[Event "1516VL"]
[Site "Mecklenburg-Vorpommern"]
[Date "2015.11.15"]
[Round "3.6"]
[White "Klepin, Wilfried"]
[Black "Schumann, Rabea"]
[Result "1-0"]
[WhiteElo "1850"]
[BlackElo "1674"]
[PlyCount "95"]
[EventDate "2015.10.11"]
[EventType "team-tourn"]
[EventRounds "9"]
[EventCountry "GER"]
[SourceDate "2015.09.20"]
[WhiteTeam "FHSG Stralsund"]
[BlackTeam "SSC Rostock 07 II"]
[WhiteTeamCountry "GER"]
[BlackTeamCountry "GER"]

1. d4 d5 2. f4 Nf6 3. Nf3 e6 4. e3 c5 5. c3 Nc6 6. Bd3 Be7 7. O-O O-O 8. Nbd2
b6 9. Ne5 Bb7 10. Qf3 Qc7 11. Qh3 Nxe5 12. fxe5 Ne4 13. Nxe4 dxe4 14. Bc2 b5
15. Rf4 b4 16. Rxe4 Bxe4 17. Bxe4 g6 18. Bxa8 Rxa8 19. Qf3 Rd8 20. Bd2 Rd7 21.
Rc1 Qb7 22. Qxb7 Rxb7 23. cxb4 cxb4 24. e4 Rd7 25. Rc4 a5 26. Kf2 Kg7 27. b3
Bd8 28. Be3 h6 29. Ke2 g5 30. g4 Kg6 31. Rc6 Kg7 32. Rd6 Rxd6 33. exd6 Kf8 34.
Kd3 Ke8 35. Kc4 Kd7 36. e5 Kc6 37. Bc1 Bb6 38. a3 bxa3 39. Bxa3 Bd8 40. Bc5 f6
41. h3 fxe5 42. dxe5 Bb6 43. Bxb6 Kxb6 44. d7 Kc7 45. Kb5 a4 46. bxa4 Kxd7 47.
Kb6 Kc8 48. Kc6 1-0

[Event "1516VL"]
[Site "Mecklenburg-Vorpommern"]
[Date "2015.11.15"]
[Round "3.8"]
[White "Vietinghoff, Klaus"]
[Black "Schamber, Dennis"]
[Result "0-1"]
[WhiteElo "1757"]
[BlackElo "1695"]
[PlyCount "88"]
[EventDate "2015.10.11"]
[EventType "team-tourn"]
[EventRounds "9"]
[EventCountry "GER"]
[SourceDate "2015.09.20"]
[WhiteTeam "FHSG Stralsund"]
[BlackTeam "SSC Rostock 07 II"]
[WhiteTeamCountry "GER"]
[BlackTeamCountry "GER"]

1. f4 c5 2. Nf3 Nc6 3. e3 a6 4. b3 g6 5. Bb2 Nf6 6. Be2 Bg7 7. O-O d6 8. Qe1
Nb4 9. Bd1 Bf5 10. d3 Bxd3 11. cxd3 Nxd3 12. Qe2 Nxb2 13. Qxb2 O-O 14. Nc3 Ne4
15. Rc1 Nxc3 16. Rxc3 Qa5 17. Ne5 dxe5 18. Qc2 exf4 19. Rxc5 b5 20. Bf3 Rad8
21. Rd5 fxe3 22. Rfd1 Rxd5 23. Bxd5 Rd8 24. Kf1 Be5 25. b4 Qb6 26. Ke2 e6 27.
Bf3 Rxd1 28. Qxd1 Bxh2 29. Qd7 Bd6 30. Qc8+ Kg7 31. Qc3+ f6 32. a3 Be5 33. Qxe3
Qxe3+ 34. Kxe3 Bb2 35. Bb7 Bxa3 36. Bxa6 Bxb4 37. Bxb5 f5 38. Kf3 Kf6 39. g4 g5
40. gxf5 exf5 41. Bd3 h5 42. Ke3 h4 43. Bf1 g4 44. Kf2 Kg5 0-1

[Event "1516VL"]
[Site "Mecklenburg-Vorpommern"]
[Date "2015.11.15"]
[Round "3.3"]
[White "Rabinowitsch, Juri"]
[Black "Naujok, Joerg"]
[Result "1-0"]
[WhiteElo "1888"]
[BlackElo "1953"]
[PlyCount "53"]
[EventDate "2015.10.11"]
[EventType "team-tourn"]
[EventRounds "9"]
[EventCountry "GER"]
[SourceDate "2015.09.20"]
[WhiteTeam "SF Schwerin IV"]
[BlackTeam "SV BW Grevesmuehlen"]
[WhiteTeamCountry "GER"]
[BlackTeamCountry "GER"]

1. e4 d6 2. d4 Nf6 3. Nc3 g6 4. Nf3 Bg7 5. Be2 O-O 6. Bg5 Nbd7 7. Qd2 Re8 8.
O-O-O c5 9. h4 h5 10. Rhe1 cxd4 11. Nxd4 Ne5 12. f4 Neg4 13. Bb5 Bd7 14. Bxd7
Nxd7 15. f5 Qa5 16. fxg6 fxg6 17. Kb1 Rac8 18. Rf1 Nc5 19. Qe2 Na4 20. Nd5 e6
21. Ne7+ Rxe7 22. Bxe7 Qb4 23. Nb3 Nxb2 24. Rxd6 Na4 25. Rd8+ Rxd8 26. Bxb4 Bc3
27. Qc4 1-0

[Event "1516VL"]
[Site "Mecklenburg-Vorpommern"]
[Date "2015.11.15"]
[Round "3.5"]
[White "Jung, Werner"]
[Black "Stiegler, Maik"]
[Result "0-1"]
[WhiteElo "1877"]
[BlackElo "1888"]
[PlyCount "54"]
[EventDate "2015.10.11"]
[EventType "team-tourn"]
[EventRounds "9"]
[EventCountry "GER"]
[SourceDate "2015.09.20"]
[WhiteTeam "SF Schwerin IV"]
[BlackTeam "SV BW Grevesmuehlen"]
[WhiteTeamCountry "GER"]
[BlackTeamCountry "GER"]

1. e4 d6 2. d4 g6 3. Be3 Bg7 4. Nc3 Nf6 5. f3 Nbd7 6. Qd2 e5 7. g4 a6 8. O-O-O
h5 9. gxh5 Nxh5 10. Nge2 exd4 11. Nxd4 Ne5 12. Be2 Bd7 13. Rhg1 Qh4 14. Bg5
Qxh2 15. Rh1 Qf2 16. Rdf1 Nd3+ 17. cxd3 Qxd4 18. Nd5 Rc8 19. Be3 Qa4 20. Kb1
Be6 21. f4 Ng3 22. Rxh8+ Bxh8 23. Rg1 Nxe2 24. Qxe2 Qb5 25. Rg3 c5 26. f5 gxf5
27. exf5 Bxd5 0-1

[Event "1516VL"]
[Site "Mecklenburg-Vorpommern"]
[Date "2015.11.15"]
[Round "3.6"]
[White "Streit, Bodo"]
[Black "Krueger, Gerhard"]
[Result "1-0"]
[WhiteElo "1765"]
[BlackElo "1815"]
[PlyCount "85"]
[EventDate "2015.10.11"]
[EventType "team-tourn"]
[EventRounds "9"]
[EventCountry "GER"]
[SourceDate "2015.09.20"]
[WhiteTeam "SV BW Grevesmuehlen"]
[BlackTeam "SF Schwerin IV"]
[WhiteTeamCountry "GER"]
[BlackTeamCountry "GER"]

1. b4 d5 2. Bb2 Bf5 3. e3 Nf6 4. c4 e6 5. a3 Nbd7 6. c5 c6 7. Qa4 Qc7 8. Nf3 h6
9. Bxf6 Nxf6 10. d4 Be7 11. Ne5 O-O 12. Bd3 Bxd3 13. Nxd3 Ne4 14. Nd2 a5 15.
Nxe4 dxe4 16. Ne5 axb4 17. Qxb4 b5 18. f4 Ra4 19. Qb3 Rfa8 20. O-O Qc8 21. Ra2
R8a6 22. f5 Bf6 23. fxe6 Qxe6 24. Qxe6 fxe6 25. Nd7 Kf7 26. Raf2 Rxa3 27. Nxf6
gxf6 28. Rxf6+ Kg7 29. Rxe6 Rxe3 30. d5 Re2 31. dxc6 Raa2 32. Kh1 Rxg2 33. Rg1
Kf7 34. Rxh6 Rgc2 35. Rh5 Ra6 36. c7 Rc6 37. Rh7+ Kf8 38. Rh8+ Kf7 39. c8=Q
Rxc8 40. Rxc8 e3 41. Re1 e2 42. Kg2 b4 43. Rb8 1-0

[Event "1516VL"]
[Site "Mecklenburg-Vorpommern"]
[Date "2015.11.15"]
[Round "3.7"]
[White "Pamperin, Gerhard"]
[Black "Haase, Sebastian"]
[Result "1/2-1/2"]
[WhiteElo "1765"]
[BlackElo "1731"]
[PlyCount "69"]
[EventDate "2015.10.11"]
[EventType "team-tourn"]
[EventRounds "9"]
[EventCountry "GER"]
[SourceDate "2015.09.20"]
[WhiteTeam "SF Schwerin IV"]
[BlackTeam "SV BW Grevesmuehlen"]
[WhiteTeamCountry "GER"]
[BlackTeamCountry "GER"]

1. d4 Nf6 2. Nf3 d6 3. c4 g6 4. Nc3 Bg7 5. e3 O-O 6. Bd3 Nbd7 7. O-O e5 8. dxe5
dxe5 9. Qc2 c6 10. Rd1 Qe7 11. e4 a5 12. Be2 h6 13. h3 Nc5 14. Be3 Nh5 15. Qd2
Kh7 16. Qd6 Qxd6 17. Rxd6 Ne6 18. g3 Nd4 19. Nxd4 exd4 20. Bxd4 Bxd4 21. Rxd4
Bxh3 22. g4 Nf4 23. Bf3 h5 24. gxh5 Nxh5 25. Bxh5 gxh5 26. f4 Rad8 27. Rad1
Rxd4 28. Rxd4 Rg8+ 29. Kh2 Bf1 30. c5 Rg2+ 31. Kh1 Rxb2 32. Kg1 Bh3 33. f5 Rc2
34. Nd1 Rxc5 35. Nf2 1/2-1/2